000 00414nam a2200109Ia 4500
008 171204s9999 xx 000 0 und d
245 _aInformation Systems Security and Privacy: First International Conference, ICISSP 2015
245 _cChristophe Bidan, Edgar Weippl, and Olivier Camp
260 _c2016
650 _xFUNDAMENTALS OF INFORMATION SECURITY
856 _uhttp://down.ebook777.com/058/9783319276670.pdf
999 _c347198
_d347198